1089 1549 1702 1677 1617 1741 1500 1059 1502 1454 1682 1539 1871 1393 1698 1666 1929 1836 1616 1416 1043 1299 1101 1516 1819 1782 1343 1200 1840 1923 1458 1325 1803 1016 1674 1651 1589 1261 1308 1294 1747 1628 1397 1302 1421 1774 1814 1264 1260 1034 1713 1652 1636 1992 1690 1071 1361 1525 1527 1995 1052 1827 1869 1482 1371 1063 1203 1385 1628 1784 1662 1754 1555 1782 1106 1029 1545 1024 1947 1542 1024 1402 1320 1067 1164 1266 1707 1850 1298 1343 1407 1563 1229 1365 1095 1495 1513 1347 1685 BCNSPRNW ULIB Ver.6.0+V

เปลี่ยนเป็นภาษาไทย

Change to English
 แสดงรายละเอียดบรรณานุกรม
  กลับหน้าหลัก

Brief Record : Get Marc (ISO 2709) : E-mail record : QR code < ปิดหน้าต่าง
LEADER : 00000nam 2200000uu 4500
001    13399108306
003     ULIB
008    110228s2543||||th 000 0 tha d
020    9748059529
060 04 WY154^bภ431ว ล.1 2543
245 10 ภาวะวิกฤตในหออภิบาล การบำบัดรักษาพยาบาล /^cบรรณาธิการจงจิตต์ คณากูล, ปรีดาภรณ์ สีปากดี, ประชิด ศราธพันธุ์
250    พิมพ์ครั้งที่ 1
260    กรุงเทพฯ :^bฝ่ายการพยาบาล โรงพยาบาลศิริราช,^c2543
300    369 หน้า :^cภาพประกอบ ;^c26 ซม.
504    บรรณานุกรม
650  2 Critical Care Nursing
650  2 Intensive Care
650  7 การพยาบาลผู้ป่วยวิกฤต
650  7 การพยาบาลผู้ป่วยหนัก
650  7 การพยาบาล
650  7 ผู้ป่วยหนัก, การดูแล
650  7 ภาวะฉุกเฉิน^xการพยาบาล
700 0  จงจิตต์ คณากูล,^eบรรณาธิการ
700 0  ปรีดาภรณ์ สีปากดี,^eบรรณาธิการ
700 0  ประชิด ศราธพันธุ์,^eบรรณาธิการ
710 2  มหาวิทยาลัยมหิดล. ^bคณะแพทยศาสตร์ศิริราชพยาบาล.^bฝ่ายการพยาบาล
945    ^p300^l0^i015651
945    ^p300^l0^i015652
945    ^p300^l0^i015653
995    ทศพร
999 ^a ใช้งานได้ทุกระบบ
รายการนี้ยังไม่มีแท็ก
คุณยังไม่ได้ล็อกอิน คุณสามารถมีกิจกรรมร่วมกับเว็บไซต์ได้ แต่ต้องล็อกอินก่อน ::
  ล็อกอิน

รายการสื่อสารสนเทศ

ลำดับที่ ประเภท เลขเรียก/บาร์โค้ด สถานที่ สถานะ
- ไม่พบข้อมูล -

รายการใกล้เคียง
    หัวเรื่อง [Critical Care Nursing]
    หัวเรื่อง [Intensive Care]
    หัวเรื่อง [การพยาบาลผู้ป่วยวิกฤต]
    หัวเรื่อง [การพยาบาลผู้ป่วยหนัก]
    หัวเรื่อง [การพยาบาล]
    หัวเรื่อง [ผู้ป่วยหนัก, การดูแล]

BibComment


ยังไม่เคยถูกคอมเมนท์

คอมเมนท์ทรัพยากรรายการนี้
  คอมเมนท์: ภาวะวิกฤตในหออภิบ..


 Copyright 2026. Bcnsprnw @Library